000 005830000a22001810004500
003 MACL
005 20160316131024.0
008 160316b xxu||||| |||| 00| 0 eng d
040 _aMACL
_cMACL
041 _aHindi
082 _a954
100 _aमोहनदास करमचंद गांधी
_945509
245 _aदक्षिण अफ्रीका का सत्‍याग्रह
260 _bसस्‍ता साहित्‍य मंडल
_c1950
_aदिल्‍ली
350 _a3
650 _aHistory
_946522
942 _cHIN
_k954
_2ddc
999 _c23455
_d23455